00390 a2200121 4500001001000000005001700010008004100027245006600068100002000134700003900154700002000193773005500213ART_4966720260410161757.0260409a 10aLa deducción por el impuesto al valor agregado no utilizado1 aGotlib, Gabriel1 aFerreyra Fernández, Constanza E.1 aKaplún, Brian0 tDoctrina tributariag- N°475 (oct. 2019)wREV4296